| 000 | 00385nam a2200157 a 4500 | ||
|---|---|---|---|
| 008 | 150608s1987|||| d | ||
| 100 | 1 | _aPorubská, Lamoš | |
| 245 | 1 | 0 | _aMatematika pre stredné odborné školy |
| 250 | _a2. v ydanie | ||
| 300 | _a272 s. | ||
| 020 |
_a67-390-87 _c0 |
||
| 041 | _aslo | ||
| 044 |
_axo _cSK |
||
| 260 |
_bPravda _aBratislava _c1987 |
||
| 958 | _aAPR | ||
| 999 |
_c20865 _d20865 |
||